[Event "Let's Play Chess!"]
[Site "http://www.queenalice.com/game.php?id=1585018"]
[Date "2019.9.29"]
[Round "-"]
[White "ESSantos"]
[Black "charles31"]
[Result "0-1"]
[WhiteElo "1791"]
[BlackElo "1697"]

1. e4 e5 2. Bc4 Nf6 3. d3 a6 4. Qf3 Bc5 5. Nc3 c6 6. Nge2 d6 7. Bg5 Be6 8. Bxe6
fxe6 9. Na4 b5 10. Nxc5 dxc5 11. O-O h6 12. Be3 Qe7 13. c3 a5 14. c4 Na6 0-1

[Event "DeMirUcMAZbas1"]
[Site "http://www.queenalice.com/game.php?id=1585877"]
[Date "2019.10.8"]
[Round "-"]
[White "zubarev"]
[Black "ESSantos"]
[Result "1-0"]
[WhiteElo "1892"]
[BlackElo "1759"]

1. d4 d5 2. Nc3 Nf6 3. Nf3 e6 4. e3 Bb4 5. Bd2 Ne4 6. Bd3 Nxc3 7. Bxc3 Qd6 8.
O-O Nc6 9. a3 Bxc3 10. bxc3 Bd7 11. Rb1 b6 12. Ng5 h6 13. Nf3 Qxa3 14. Qe1 Qd6
15. e4 e5 16. dxe5 Nxe5 17. Nxe5 Qxe5 18. Qd2 O-O 19. exd5 Qxd5 20. Bh7+ Kxh7
21. Qxd5 Be6 22. Qe4+ g6 23. Qb7 c5 24. Rfe1 Bf5 25. Rbc1 Be6 26. Rxe6 Kg8 27.
Re7 Rfb8 28. Qd5 Rf8 29. Rce1 Rad8 30. Qb7 Kg7 31. Qxa7 b5 32. Qxc5 Rb8 33. Qe5+
Kg8 34. f4 f6 35. Qd5+ Kh8 36. Rc7 Rfd8 37. Qf7 1-0

[Event "Let's Play Chess!"]
[Site "http://www.queenalice.com/game.php?id=1625929"]
[Date "2020.9.5"]
[Round "-"]
[White "ESSantos"]
[Black "igorjava"]
[Result "1-0"]
[WhiteElo "1724"]
[BlackElo "1911"]

1. d4 d5 2. Bf4 Nf6 3. e3 e6 4. Nf3 c5 5. Bb5+ Bd7 6. Nc3 a6 7. Bxd7+ Nbxd7 8.
dxc5 Bxc5 9. a3 Nh5 10. Ng5 Nxf4 11. exf4 O-O 12. b4 Bb6 13. Qd3 Nf6 14. O-O h6
15. Nf3 Qc7 16. Ne2 Ba7 17. c3 b5 18. g3 Ne4 19. Nfd4 Qe7 20. f3 Nd6 21. Kg2 f6
22. Nc6 Qc7 23. Nxa7 Rxa7 24. Nd4 Raa8 25. Nxe6 Qc6 26. Nxf8 Kxf8 27. g4 Nf7 28.
Rfe1 Re8 29. Rxe8+ Kxe8 30. Re1+ Kf8 31. Qe3 Qd7 32. Qc5+ Kg8 33. Re7 Qd8 34.
Qe3 Kf8 35. Ra7 Qd6 36. Qc5 Kg8 37. Qc8+ Qd8 38. Qxd8+ Nxd8 39. Ra8 1-0

[Event "Let's Play Chess!"]
[Site "http://www.queenalice.com/game.php?id=1628042"]
[Date "2020.9.26"]
[Round "-"]
[White "ESSantos"]
[Black "charles31"]
[Result "0-1"]
[WhiteElo "1747"]
[BlackElo "1688"]

1. d4 d5 2. Bf4 Nf6 3. e3 a6 4. Nf3 Nc6 5. Nc3 Bg4 6. Be2 Bxf3 7. Bxf3 e6 8. Bg5
h6 9. Bxf6 Qxf6 10. Qe2 Bb4 11. Qd3 O-O-O 12. a3 Ba5 13. b4 Bb6 14. b5 axb5 15.
Nxb5 e5 16. dxe5 Qxe5 17. O-O h5 18. c3 g5 19. g4 hxg4 20. Bxg4+ Kb8 21. f4 gxf4
22. Qf5 Qxe3+ 23. Kh1 d4 24. Rae1 Qd2 25. Qxf4 dxc3 26. Qxd2 cxd2 27. Rd1 Ba5
28. Rxf7 Ne5 29. Rf4 c6 30. Nd4 Bc7 31. h3 Nxg4 32. Rxg4 Rxh3+ 33. Kg2 Rh2+ 34.
Kf3 Bb6 35. Ke3 Re8+ 36. Kd3 Rd8 37. Rxd2 Rxd2+ 38. Kxd2 Rxd4+ 39. Rxd4 Bxd4 40.
Kd3 c5 41. a4 Kc7 42. Kc4 Kc6 43. a5 b6 44. a6 b5+ 45. Kb3 Kb6 46. Ka3 Kxa6 0-1

[Event "Let's Play Chess!"]
[Site "http://www.queenalice.com/game.php?id=1629882"]
[Date "2020.10.14"]
[Round "-"]
[White "ESSantos"]
[Black "Lucasbarbaruiva"]
[Result "1-0"]
[WhiteElo "1738"]
[BlackElo "1689"]

1. e4 e5 2. Bc4 d6 3. Qf3 Qf6 4. d3 Qxf3 5. Nxf3 Be7 6. Bg5 Bxg5 7. Nxg5 Nh6 8.
Nc3 O-O 9. Nd5 a5 10. Nxc7 Ra7 11. Nb5 Ra8 12. Nxd6 Nc6 13. f3 Nd4 14. O-O-O
Ne2+ 15. Kb1 a4 16. Bd5 Rb8 17. c3 b5 18. g3 Nxc3+ 19. bxc3 b4 20. Kc2 bxc3 21.
Kxc3 g6 22. Rb1 Rxb1 23. Rxb1 Kg7 24. Rb8 Be6 25. Rxf8 Kxf8 26. Nxe6+ fxe6 27.
Bc6 Ke7 28. Nc4 Kf6 29. Bxa4 g5 30. h3 Nf7 31. Be8 h6 32. a4 h5 33. a5 Nd8 34.
a6 Ke7 35. a7 Kxe8 36. a8=Q Ke7 37. Qa3+ Kf6 38. Qf8+ Nf7 39. Nd6 Kg6 40. Qxf7+
Kh6 41. Ne8 g4 42. Qg7# 1-0

[Event "Challenge"]
[Site "http://www.queenalice.com/game.php?id=1630133"]
[Date "2020.10.17"]
[Round "-"]
[White "ESSantos"]
[Black "ROYANDROLL"]
[Result "1-0"]
[WhiteElo "1752"]
[BlackElo "1564"]

1. e4 e5 2. Qf3 f6 3. Nh3 g5 4. Qh5+ Ke7 5. Nc3 c6 6. Bc4 Qe8 7. Qxe8+ Kxe8 8.
d3 b5 9. Bb3 a5 10. a4 b4 11. Ne2 Ne7 12. Be3 h5 13. f3 Ng6 14. g3 d5 15. Nf2 d4
16. Bd2 h4 17. h3 Nd7 18. g4 Nc5 19. Bc4 Nb7 20. c3 bxc3 21. bxc3 dxc3 22. Bxc3
Bc5 23. O-O Be3 24. Kg2 Nc5 25. Nd1 Nf4+ 26. Nxf4 Bxf4 27. d4 exd4 28. Bxd4 Be5
29. Bxe5 fxe5 30. Ne3 Nd7 31. Rfc1 Bb7 32. Rab1 Nc5 33. Be2 Ba6 34. Bxa6 Nxa6
35. Rxc6 Nb4 36. Re6+ Kf7 37. Rxe5 Rhg8 38. Nc4 Nc6 39. Rf5+ Ke7 40. Rb7+ Kd8
41. Rd5+ Kc8 42. Rdd7 Nd4 43. Nb6# 1-0

[Event "Let's Play Chess!"]
[Site "http://www.queenalice.com/game.php?id=1630561"]
[Date "2020.10.24"]
[Round "-"]
[White "mArViNh"]
[Black "ESSantos"]
[Result "1/2-1/2"]
[WhiteElo "1749"]
[BlackElo "1798"]

1. e4 e5 2. Nf3 Qf6 3. Nc3 Ne7 4. d3 Nec6 5. Nd5 Qd6 6. Be2 Nb4 7. Nxb4 Qxb4+ 8.
c3 Qb6 9. O-O Bc5 10. Nxe5 Qf6 11. Nf3 d6 12. Be3 Bxe3 13. fxe3 h6 14. Qc2 Nc6
15. b4 Qg6 16. Nh4 Qg5 17. Nf5 Ne7 18. Rf3 Nxf5 19. exf5 Bxf5 20. Raf1 Be6 21.
Rg3 Qe5 22. d4 Qd5 23. Rxg7 Qxa2 24. Qxa2 Bxa2 25. c4 Rf8 26. Ra1 Bb3 27. Rh7
O-O-O 28. Rxa7 Rde8 29. Ra8+ Kd7 30. Rxe8 Kxe8 31. Rxh6 f6 32. Bh5+ Kd7 33. Rh7+
Kd8 34. c5 dxc5 35. bxc5 f5 36. g3 Bc2 37. Rg7 Rh8 38. g4 fxg4 39. Bxg4 Ba4 40.
e4 b6 41. cxb6 cxb6 42. Kg2 b5 43. d5 b4 44. e5 Re8 45. e6 Re7 46. Rxe7 Kxe7 47.
Bf5 Bb3 48. Be4 Bd1 49. Kg3 b3 50. Kf4 Bc2 51. d6+ Kxd6 52. e7 Kxe7 53. Bd5 b2
54. Ba2 Kd6 55. Ke3 Kc5 56. Kd2 Bf5 57. Kc3 b1=Q 58. Bxb1 Bxb1 59. Kd2 Bf5 60.
Ke3 Bh3 61. Kf3 1/2-1/2

[Event "Let's Play Chess!"]
[Site "http://www.queenalice.com/game.php?id=1631553"]
[Date "2020.11.1"]
[Round "-"]
[White "dida"]
[Black "ESSantos"]
[Result "0-1"]
[WhiteElo "1487"]
[BlackElo "1794"]

1. e4 e5 2. Nc3 Bb4 3. a3 Bxc3 4. dxc3 Nf6 5. Qd3 d6 6. Be2 Nc6 7. Be3 Be6 8. h3
Bc4 9. Qxc4 d5 10. exd5 Nxd5 11. Bc5 b6 12. Be3 Qd6 13. O-O-O O-O-O 14. Nf3 Na5
15. Qa6+ Kd7 16. Qb5+ Qc6 17. Qxc6+ Nxc6 18. Rxd5+ Kc8 19. Ba6+ Kb8 20. Rxd8+
Rxd8 21. Ng5 f6 22. Nxh7 Rh8 23. Bd3 Ne7 24. g4 a6 25. f4 exf4 26. Bxf4 Nd5 27.
Bh2 b5 28. Re1 Kb7 29. g5 fxg5 30. Nxg5 c5 31. Ne6 Re8 32. Bf5 c4 33. Bg6 Re7
34. Bf5 a5 35. Bd6 Re8 36. Rd1 Ne3 37. Nc5+ Kc6 38. Rd4 Nxf5 39. Rd1 Nxd6 40.
Na6 Nf5 41. Rf1 Kb6 42. Rxf5 Kxa6 43. h4 Rh8 44. h5 Kb6 45. Rg5 Rh7 46. Rg6+ Kc5
47. Rg5+ Kb6 48. Rg6+ Kb7 49. b4 a4 50. Rg5 Kb6 51. Rg6+ Kc7 52. Kd2 Kb7 53. Ke3
Ka7 54. Kd4 Kb7 55. Kc5 Rxh5+ 56. Kd6 Rh6 57. Rxh6 gxh6 58. Ke5 h5 59. Kf4 Kc6
60. Kg5 Kd5 61. Kxh5 Ke4 62. Kg5 Ke3 63. Kf5 Kd2 64. Ke5 Kxc2 65. Kd5 Kxc3 66.
Kc5 Kb3 67. Kxb5 c3 68. Ka5 c2 69. b5 c1=Q 70. b6 Qc8 0-1

[Event "Let's Play Chess!"]
[Site "http://www.queenalice.com/game.php?id=1631565"]
[Date "2020.11.2"]
[Round "-"]
[White "ESSantos"]
[Black "MePa"]
[Result "0-1"]
[WhiteElo "1760"]
[BlackElo "1747"]

1. e4 e5 2. Bc4 Nf6 3. d3 c6 4. Nf3 d5 5. exd5 cxd5 6. Bb5+ Bd7 7. Bxd7+ Nbxd7
8. O-O Rc8 9. Qe2 Bd6 10. c3 O-O 11. Bg5 Re8 12. Nbd2 Re6 13. Nb3 b6 14. a4 e4
15. dxe4 dxe4 16. Nfd4 Re8 17. Nd2 Qe7 18. Nf5 Qe5 19. f4 Qxf5 20. g3 Bc5+ 21.
Kh1 Qh3 22. b4 Bd6 23. Nc4 Bb8 24. Rad1 Qe6 25. Rd4 h6 26. Bh4 Nd5 27. Rc1 Bxf4
28. gxf4 Nxf4 29. Qe3 Nd3 30. Rd1 Rxc4 31. R4xd3 Ne5 32. Rd6 Qg4 33. Bg3 Qf3+
34. Qxf3 Nxf3 35. Rd8 Rxd8 36. Rxd8+ Kh7 37. Re8 f5 38. Be5 Rc6 39. Re7 Rg6 40.
Bf4 Rg1# 0-1

[Event "Let's Play Chess!"]
[Site "http://www.queenalice.com/game.php?id=1632162"]
[Date "2020.11.9"]
[Round "-"]
[White "charles31"]
[Black "ESSantos"]
[Result "0-1"]
[WhiteElo "1580"]
[BlackElo "1743"]

1. d4 d5 2. Nc3 Nf6 3. h3 h5 4. Qd3 Nc6 5. Nf3 g6 6. e4 Nb4 7. Qb5+ Nc6 8. exd5
a6 9. Qd3 Nxd5 10. Nxd5 Qxd5 11. Bg5 Bf5 12. Qc3 e6 13. Bc4 Qe4+ 14. Be3 Bb4 15.
Bd3 Bxc3+ 16. bxc3 Qd5 17. Bxf5 Qxf5 18. O-O Qxc2 19. Rfc1 Qb2 20. Ne5 f6 21.
Nxg6 Rg8 22. Nh4 O-O-O 23. Nf3 Qe2 24. Re1 Qxf3 0-1

[Event "Let's Play H-20"]
[Site "http://www.queenalice.com/game.php?id=1633426"]
[Date "2020.11.20"]
[Round "-"]
[White "Rider"]
[Black "ESSantos"]
[Result "0-1"]
[WhiteElo "1480"]
[BlackElo "1752"]

1. d4 d5 2. e3 Bf5 3. Qf3 e6 4. Bd2 Nf6 5. Nc3 Be7 6. O-O-O Qd6 7. Qf4 Qxf4 8.
exf4 Nc6 9. Be3 Ne4 10. Nb5 Rc8 11. Nf3 a6 12. Na3 Nb4 13. Kb1 O-O 14. g3 c6 15.
Ne5 f6 16. Nd7 Rfd8 17. Nb6 Rc7 18. Bd3 a5 19. Rhf1 Nd6 20. Bxf5 Nxf5 21. Bd2
Nxd4 22. c3 Nf3 23. cxb4 Bxb4 24. Bxb4 axb4 25. Nc2 Nxh2 26. Rfe1 Re8 27. f5 c5
28. fxe6 d4 29. Re4 Rc6 30. Nd7 b6 31. g4 Rcxe6 32. Rxe6 Rxe6 33. Rg1 h6 34. b3
Kf7 35. f4 Rd6 36. Nb8 Kg6 37. Na6 Nf3 38. Rh1 f5 39. gxf5+ Kxf5 40. Nc7 Rd7 41.
Nb5 Kxf4 42. Kc1 d3 43. Na1 Ke3 44. Rh3 Ke2 45. Rh1 d2+ 46. Kb2 d1=Q 47. Rxd1
Rxd1 48. Nc7 h5 49. a4 Rd2+ 50. Kb1 Ne1 51. Ne6 Nd3 52. Nxg7 Rb2# 0-1

[Event "AUTO-ADV-4432"]
[Site "http://www.queenalice.com/game.php?id=1635660"]
[Date "2020.12.7"]
[Round "1"]
[White "DAlessandro"]
[Black "ESSantos"]
[Result "1-0"]
[WhiteElo "1812"]
[BlackElo "1770"]

1. c4 e5 2. Nc3 Bc5 3. Nf3 d6 4. e4 Nf6 5. d3 Nc6 6. Be2 Ng4 7. O-O Be6 8. a3
Qe7 9. b4 Bb6 10. Na4 h5 11. Bb2 O-O-O 12. Rc1 a6 13. Nxb6+ cxb6 14. b5 axb5 15.
cxb5 Bd7 16. bxc6 bxc6 17. Qa4 c5 18. Qa6+ Kc7 19. Qa7+ Kc6 20. d4 Ra8 21. d5#
1-0

[Event "AUTO-ADV-4432"]
[Site "http://www.queenalice.com/game.php?id=1635661"]
[Date "2020.12.7"]
[Round "1"]
[White "ESSantos"]
[Black "DAlessandro"]
[Result "1-0"]
[WhiteElo "1756"]
[BlackElo "1871"]

1. e4 c5 2. Bb5 a6 3. Bc4 b5 4. Bd5 Nc6 5. Qf3 e6 6. Bxc6 dxc6 7. d3 Nf6 8. e5
Nd5 9. Ne2 Be7 10. Nbc3 O-O 11. Bd2 b4 12. Na4 Bb7 13. O-O Kh8 14. Nf4 Nxf4 15.
Bxf4 f5 16. exf6 Bxf6 17. Qe3 e5 18. Bg3 Qd4 19. Nxc5 Bc8 20. Qxd4 exd4 21. Rae1
Bf5 22. Bd6 Rfd8 23. Bc7 Rd5 24. Na4 Rf8 25. Nb6 Rb5 26. f3 h6 27. g4 Bc8 28.
Nc4 Rb7 29. Bd6 Rg8 30. Na5 Rb5 31. Bc7 c5 32. h3 Bd8 33. Bxd8 Rxd8 34. Nc6 Rf8
35. Ne7 Kh7 36. f4 Rb8 37. Kh2 Bb7 38. Kg3 Rf7 39. Nf5 Bd5 40. b3 g6 41. Ne7 Bb7
42. f5 g5 43. h4 Kg7 44. h5 Rd8 45. Ng6 Bc8 46. Ne5 Rff8 47. Nc6 Rde8 48. Rxe8
Rxe8 49. f6+ Kf7 50. Ne7 Bb7 51. Rf5 Rd8 52. Ng6 Bd5 53. Ne5+ Ke6 54. Ng6 Kf7
55. Ne7 Be6 56. Rf2 Rb8 57. Nc6 Rb5 58. Ne5+ Kf8 59. f7 1-0

[Event "AUTO-ADV-4432"]
[Site "http://www.queenalice.com/game.php?id=1635674"]
[Date "2020.12.7"]
[Round "1"]
[White "ESSantos"]
[Black "jambalaya"]
[Result "1-0"]
[WhiteElo "1773"]
[BlackElo "1712"]

1. e4 Nf6 2. Nc3 d5 3. e5 Nfd7 4. d4 c5 5. Nxd5 e6 6. Nf4 cxd4 7. Qxd4 Qa5+ 8.
Bd2 Qxe5+ 9. Qxe5 Nxe5 10. Bb5+ Bd7 11. Bxd7+ Nbxd7 12. Nge2 Bc5 13. b4 Be7 14.
b5 O-O 15. a4 Rac8 16. c3 Nc4 17. Ra2 Nxd2 18. Rxd2 Nb6 19. a5 Na4 20. Rd3 Rfd8
21. Rxd8+ Rxd8 22. O-O Rc8 23. Rc1 Bg5 24. g3 e5 25. h4 Bh6 26. Rd1 exf4 27.
gxf4 Nxc3 28. Nxc3 Bxf4 29. Ne2 Be5 30. Rd7 Bc7 31. a6 bxa6 32. bxa6 Bb6 33. Nd4
Bxd4 34. Rxd4 g6 35. Rd7 Rc1+ 36. Kg2 Ra1 37. Rxa7 Kg7 38. Kf3 Kf6 39. Kf4 Ra4+
40. Kg3 h6 41. Kh3 h5 42. f3 Ke6 43. Ra8 Kf6 44. Kg3 Ra3 45. Kf4 Ra4+ 46. Kg3
Ra3 47. a7 Ra4 48. Kh3 Ra3 49. Kg2 Ra4 50. Kg3 Ra3 51. Kf2 Ra4 52. Ke3 Rxh4 53.
Rf8 Ra4 54. a8=Q Rxa8 55. Rxa8 Kg5 56. Ra4 Kf5 57. Rf4+ Ke6 58. Ke4 f6 59. Rh4
Kd6 60. Rh2 Ke6 61. f4 f5+ 62. Kd4 Kf6 63. Rg2 h4 64. Ke3 h3 65. Rh2 g5 66. Rxh3
g4 67. Rh5 Ke6 68. Kd4 Kf6 69. Kd5 1-0

[Event "AUTO-ADV-4432"]
[Site "http://www.queenalice.com/game.php?id=1635675"]
[Date "2020.12.7"]
[Round "1"]
[White "jambalaya"]
[Black "ESSantos"]
[Result "1-0"]
[WhiteElo "1698"]
[BlackElo "1787"]

1. Nf3 Nc6 2. d4 d5 3. a3 Bg4 4. h3 Bf5 5. Nc3 e6 6. e3 Nf6 7. Nh4 Be4 8. Nxe4
Nxe4 9. Nf3 Bd6 10. Nd2 Qh4 11. Nxe4 Qxe4 12. Qd3 Qxd3 13. Bxd3 f5 14. Bd2 g6
15. f4 O-O-O 16. b4 a6 17. b5 axb5 18. Bxb5 Na7 19. Bd3 b5 20. Bb4 Kd7 21. Kd2
h6 22. g4 c6 23. Ke2 Rdf8 24. Rag1 g5 25. Bxd6 Kxd6 26. Kf3 c5 27. dxc5+ Kxc5
28. Rg3 Nc6 29. c3 Na5 30. Rb1 Rb8 31. Rb4 Nc6 32. Rb1 Na5 33. Ke2 Nc6 34. Rf1
fxg4 35. h4 gxh4 36. Rxg4 Rbg8 37. Rxh4 Ra8 38. Ra1 e5 39. Bc2 e4 40. Rh5 Rag8
41. Kf2 Kc4 42. Rb1 Kxc3 43. Bd1 Kc4 44. Bb3+ Kc5 45. Rc1+ Kb6 46. Bxd5 Rc8 47.
Bxe4 Ne7 48. Rxc8 Nxc8 49. Bd3 Nd6 50. f5 Ka5 51. Rh4 Nf7 52. e4 Kb6 53. Ke3 Kc5
54. Rh5 Nd6 55. f6+ Kb6 56. e5 Nc4+ 57. Kd4 Nxa3 58. f7 Kc7 59. Rxh6 Rf8 60. e6
Kd6 61. Rg6 Ke7 62. Rg8 b4 63. Bf5 Nb5+ 64. Ke5 Nc7 65. Rxf8 Kxf8 66. Kd6 Nb5+
67. Kd7 Nd4 68. e7+ 1-0

[Event "AUTO-ADV-4432"]
[Site "http://www.queenalice.com/game.php?id=1635676"]
[Date "2020.12.7"]
[Round "1"]
[White "ESSantos"]
[Black "Nille"]
[Result "1/2-1/2"]
[WhiteElo "1774"]
[BlackElo "1743"]

1. e4 e5 2. Bc4 Nf6 3. d3 h6 4. Nf3 d6 5. Nc3 c6 6. Be3 Be7 7. d4 exd4 8. Qxd4
O-O 9. O-O c5 10. Qd3 a6 11. Nh4 b5 12. Bd5 c4 13. Qd4 Nxd5 14. Nxd5 Bxh4 15.
Qb6 Nd7 16. Qxd6 Nf6 17. Qxd8 Rxd8 18. Ne7+ Kf8 19. Nf5 Bxf5 20. exf5 Ne4 21. g3
Bf6 22. c3 Kg8 23. h3 Nd2 24. Rfd1 Nf3+ 25. Kg2 Ne5 26. Bb6 Rxd1 27. Rxd1 Nd3
28. Rd2 Rd8 29. Bxd8 Be5 30. f4 Bb8 31. Kf1 Ba7 32. Bc7 Be3 33. Re2 Bc1 34. b3
cxb3 35. axb3 Bb2 36. Rd2 Nxf4 37. Rxb2 Nxh3 38. Bd8 f6 39. Ra2 Ng5 40. Rxa6 Ne4
41. Bc7 Nd2+ 42. Kg2 Nxb3 43. Rb6 Nc1 44. Rxb5 Ne2 45. c4 Nc3 46. Kf3 Kf7 47.
Rb3 Na4 48. Re3 Nb2 49. c5 Nc4 50. Re1 Nd2+ 51. Kf4 Nb3 52. c6 Nd4 53. Re6 Nxe6+
54. fxe6+ Kxe6 55. Bb8 g5+ 56. Kg4 f5+ 57. Kf3 h5 58. c7 Kd7 59. Ke3 h4 60. gxh4
gxh4 61. Kf3 Kc8 62. Kg2 f4 63. Kh3 f3 64. Kh2 Kb7 65. Kh3 Kc8 66. Kh2 Kb7 67.
Ba7 Kxc7 68. Bf2 1/2-1/2

[Event "AUTO-ADV-4432"]
[Site "http://www.queenalice.com/game.php?id=1635677"]
[Date "2020.12.7"]
[Round "1"]
[White "Nille"]
[Black "ESSantos"]
[Result "1/2-1/2"]
[WhiteElo "1703"]
[BlackElo "1777"]

1. e4 e5 2. Nf3 Nc6 3. Bc4 Nf6 4. Nc3 Bc5 5. h3 d6 6. d3 Qe7 7. a3 Be6 8. Bb5
Bd7 9. O-O Nd4 10. Bxd7+ Qxd7 11. b4 Bb6 12. a4 a6 13. a5 Ba7 14. Be3 Qc6 15.
Bxd4 Bxd4 16. Nxd4 Qxc3 17. Nf5 O-O 18. Qb1 g6 19. Ne3 c6 20. Nc4 Qd4 21. Qb3
Nd7 22. Rad1 b5 23. c3 Qa7 24. Nxd6 Rad8 25. c4 Nf6 26. c5 Ne8 27. Nxe8 Rfxe8
28. Qc3 Qd7 29. f4 Qd4+ 30. Qxd4 Rxd4 31. fxe5 Rxe5 32. Rf6 Re6 33. Rdf1 Rd7 34.
Rxe6 fxe6 35. Rf6 Re7 36. d4 Kg7 37. e5 g5 38. g4 Re8 39. Kf2 Rf8 40. Rxf8 Kxf8
41. Kg3 Kg7 42. h4 h6 43. h5 Kf7 44. Kf3 Ke7 45. Ke4 Kd7 46. Kd3 Ke7 47. Ke4 Kd7
48. Kd3 Kc7 49. Ke4 Kd7 1/2-1/2

[Event "Let's Play Chess!"]
[Site "http://www.queenalice.com/game.php?id=1641001"]
[Date "2021.1.23"]
[Round "-"]
[White "charles31"]
[Black "ESSantos"]
[Result "0-1"]
[WhiteElo "1753"]
[BlackElo "1767"]

1. d4 e6 2. a3 d5 3. h3 Nf6 4. Nc3 Nc6 5. Bg5 Be7 6. e3 Ne4 7. Nxe4 dxe4 8. Bxe7
Nxe7 9. Be2 Nc6 10. Bb5 Bd7 11. Ne2 Qg5 12. O-O O-O 13. Ng3 Qxb5 14. Nxe4 Qf5
15. Nc5 Bc8 16. g4 Qd5 17. f3 Rd8 18. b3 e5 19. c3 b6 20. Ne4 Be6 21. c4 Qd7 22.
d5 Na5 23. dxe6 Qxe6 24. Qc2 f6 25. h4 g6 26. c5 Nxb3 27. Rab1 Na5 28. cxb6 cxb6
29. g5 Rac8 30. Qg2 f5 31. Nf6+ Kg7 32. Qe2 Qc4 33. Qb2 Qc3 34. Qxc3 Rxc3 35.
Ra1 Rxe3 36. Ra2 Nc4 37. a4 Rd4 38. Kg2 Red3 39. Kg3 e4 40. Ne8+ Kf7 41. Nc7
exf3 42. Nb5 Rg4+ 43. Kf2 Rg2+ 0-1

[Event "Let's Play Chess!"]
[Site "http://www.queenalice.com/game.php?id=1641002"]
[Date "2021.1.23"]
[Round "-"]
[White "ESSantos"]
[Black "charles31"]
[Result "1-0"]
[WhiteElo "1782"]
[BlackElo "1688"]

1. e4 e5 2. Bc4 Nf6 3. d3 a6 4. Nf3 Bb4+ 5. c3 Ba5 6. Nxe5 d5 7. exd5 Nxd5 8.
Qf3 f6 9. Ng4 c6 10. Qe4+ Qe7 11. Qxe7+ Kxe7 12. Ne3 Be6 13. Nxd5+ Bxd5 14. Bxd5
cxd5 15. O-O Bb6 16. d4 Nd7 17. Re1+ Kf7 18. Nd2 Rhe8 19. Nf3 Re7 20. Bd2 Rae8
21. h4 h6 22. g4 g5 23. b4 Re4 24. Rxe4 dxe4 25. Nh2 Kg6 26. h5+ Kg7 27. Re1 Ba7
28. f3 b5 29. fxe4 Nb6 30. Nf3 Nc4 31. Bc1 Bb6 32. Kg2 a5 33. a4 bxa4 34. Nd2
Nxd2 35. Bxd2 axb4 36. cxb4 Bxd4 37. Kf1 a3 38. Be3 Rxe4 39. Bxd4 Rxg4 40. Bc5
Rh4 41. Ra1 Rh3 42. Kg2 Rb3 43. Bd6 f5 44. Ra2 Rb2+ 45. Rxb2 axb2 46. Be5+ Kf7
47. Bxb2 Ke6 48. Kg3 Kd5 49. Bc3 Kc4 50. Bd2 Kb5 51. Bxg5 1-0

[Event "Challenge"]
[Site "http://www.queenalice.com/game.php?id=1642910"]
[Date "2021.2.8"]
[Round "-"]
[White "Yoshi_PL"]
[Black "ESSantos"]
[Result "1-0"]
[WhiteElo "1779"]
[BlackElo "1798"]

1. e4 e5 2. Nc3 Bc5 3. Bc4 Qf6 4. Qf3 Qxf3 5. Nxf3 d6 6. Nb5 Bb6 7. d4 a6 8. Nc3
exd4 9. Nd5 Ba5+ 10. Bd2 Bxd2+ 11. Nxd2 Kd8 12. Nb3 c6 13. Nb6 Ra7 14. Nxc8 Kxc8
15. Bxf7 c5 16. Be6+ Nd7 17. O-O-O Nf6 18. f3 b6 19. Rhe1 g5 20. e5 dxe5 21.
Rxe5 h6 22. c3 Kd8 23. Bxd7 Rxd7 24. cxd4 c4 25. Nd2 b5 26. Ne4 Nxe4 27. Rxe4
Re8 28. d5 Rd6 29. Rde1 Rg8 30. Re6 Rxe6 31. Rxe6 g4 32. Rxh6 gxf3 33. gxf3 a5
34. a3 Kc7 35. Ra6 a4 36. Re6 Rd8 37. Re5 Kd6 38. f4 Rf8 39. Kc2 Rxf4 40. Rh5
Rf2+ 41. Kc3 Kc5 42. d6+ Kc6 43. d7 Rf8 44. Kb4 Rd8 45. Rxb5 Rxd7 46. Kxa4 Rd2
47. h3 Rh2 48. Rb4 Kc5 49. h4 Rh3 50. Rb5+ Kd4 51. Kb4 Rxh4 52. a4 Kd3 53. Ka3
Kc2 54. a5 Rh3+ 55. Ka2 Rh8 56. Rb6 Ra8 57. a6 Ra7 58. Rc6 Ra8 59. Ka3 Kd3 60.
Kb4 Rb8+ 61. Ka3 Ra8 62. Rb6 Kc2 63. Kb4 Kd3 64. Rd6+ Kc2 65. Kxc4 Kxb2 66. Kb5
Kb3 67. Rd7 Rb8+ 68. Rb7 Ra8 69. Kb6 Kb4 70. a7 Rxa7 71. Rxa7 Kc4 72. Rd7 Kb4
73. Rd4+ Kc3 74. Kc5 Kb3 75. Rc4 Ka3 76. Kd4 Kb3 77. Kd3 Kb2 78. Rc8 Kb1 79. Kd2
Kb2 80. Rb8+ Ka3 81. Kc3 Ka4 82. Rb4+ Ka5 83. Kc4 Ka6 84. Rb5 Ka7 85. Kc5 Ka6
86. Kc6 Ka7 87. Rb6 Ka8 88. Kc7 Ka7 89. Rc6 Ka8 90. Ra6# 1-0

[Event "Let's Play Chess!"]
[Site "http://www.queenalice.com/game.php?id=1773189"]
[Date "2021.10.26"]
[Round "-"]
[White "ESSantos"]
[Black "charles31"]
[Result "0-1"]
[WhiteElo "1772"]
[BlackElo "1650"]

1. e4 e5 2. Bc4 Nf6 3. d3 Bc5 4. Nc3 d6 5. Nd5 c6 6. Nxf6+ gxf6 7. Qh5 Qe7 8.
Nf3 Be6 9. Bxe6 Qxe6 10. b3 Nd7 11. c4 Bb4+ 12. Bd2 Bxd2+ 13. Nxd2 O-O-O 14. O-O
Rdg8 15. h4 Qh3 16. Qf3 Qxh4 17. g3 Qh3 18. Qg2 Qh6 19. Nf3 Qh5 20. b4 f5 21.
exf5 Qxf5 22. Rad1 h5 23. Nh4 Qg5 24. Qh3 Kc7 25. Nf3 Qf6 26. Nh4 Rh7 27. Qf5
Qxf5 28. Nxf5 h4 29. Kg2 Rg5 30. Ne3 f5 31. a4 f4 32. Nc2 hxg3 33. fxg3 Rxg3+
34. Kf2 Rh2+ 35. Ke1 Rxc2 36. Rd2 Rc1+ 37. Kf2 Rxf1+ 38. Kxf1 a6 39. Kf2 d5 40.
c5 b6 41. Rd1 bxc5 42. bxc5 Nxc5 43. a5 Nb3 44. Ke2 e4 45. dxe4 dxe4 46. Rb1
Nxa5 47. Rf1 f3+ 48. Ke3 Rg4 49. Rf2 c5 50. Rc2 Kc6 51. Ra2 Kb5 52. Rb2+ Kc6 53.
Ra2 Kb5 0-1

[Event "Let's Play Chess!"]
[Site "http://www.queenalice.com/game.php?id=1773192"]
[Date "2021.10.26"]
[Round "-"]
[White "charles31"]
[Black "ESSantos"]
[Result "1-0"]
[WhiteElo "1586"]
[BlackElo "1796"]

1. Nc3 Nf6 2. e4 e5 3. a3 Bc5 4. h3 d5 5. exd5 Nxd5 6. Bb5+ c6 7. Ba4 Nxc3 8.
dxc3 Qxd1+ 9. Kxd1 Be6 10. Ke2 Bc4+ 11. Ke1 Bd5 12. b4 Bb6 13. f3 O-O 14. Bb3
Nd7 15. Bxd5 cxd5 16. Bb2 f5 17. Ne2 f4 18. Bc1 g5 19. a4 a5 20. b5 Nc5 21. Ba3
Rfc8 22. h4 h6 23. hxg5 hxg5 24. Bxc5 Bxc5 25. Kd2 Be3+ 26. Kd3 Rd8 27. Rh5 Rd7
28. Rxg5+ Kf7 29. Rxe5 Kf6 30. Rh5 Kg6 31. Rah1 Rg8 32. Rh6+ Kf7 33. Rh7+ Ke8
34. g4 Kd8 35. Nd4 Kc8 36. Rxd7 Kxd7 37. Rh7+ Kc8 38. c4 dxc4+ 39. Kxc4 Rd8 40.
Ne6 Rd6 41. Nc5 Rd4+ 42. Kc3 b6 43. Rh8+ Rd8 44. Rxd8+ Kxd8 45. Ne4 Ke7 46. Kc4
Ke6 47. Nc3 Ke5 48. Ne4 Bd4 49. c3 Bc5 50. Nxc5 bxc5 51. Kxc5 Kf6 52. b6 1-0